000 00528nam a2200205Ia 4500
008 200601s9999 xx 000 0 und d
020 _a81-207-2200-0
050 _aREF PC 2111
050 _b.C43 2007
100 _aChaudhry, Kiran.
245 0 _aTeach yourself French /
245 0 _cKiran Chaudhry.
260 _aNew Delhi, India:
260 _bSterling Publishers Pvt., Ltd.
260 _c2007
300 _a167 pages :
300 _billustrations ;
300 _c22 cm.
650 _aFrench language -- Grammar.
999 _c363376
_d363376